| 000 | 01053nam a2200253Ia 4500 | ||
|---|---|---|---|
| 003 | OSt | ||
| 005 | 20221005112553.0 | ||
| 006 | a|||||r|||| 00| 0 | ||
| 007 | ta | ||
| 008 | 221004b |||||||| |||| 00| 0 pan d | ||
| 020 |
_a9789388119467 (hbk) _cINR 250.00 |
||
| 024 | _a45119 | ||
| 037 |
_bSP/6265, 11/02/2019, Star Publications Pvt. Ltd. _cTextual |
||
| 040 |
_aCRL _cCRL _bpan |
||
| 041 |
_2pan _apan |
||
| 082 | _aV2,4M785,N, 153Q8 | ||
| 100 |
_aਸਿੱਧੂ, ਗੁਰਦੇਵ ਸਿੰਘ, ਂਚ. _9156325 |
||
| 245 | 0 | _aਫ਼ਦਰ ਪਾਰਟੀ ਦਾ ਮੁੱਖ ਬੁਲਾਰਾ ਸਪਤਾਹਿਕ ਫ਼ਦਰ ਦੀ ਦਾਸਤਾਨ | |
| 260 |
_aਚੰਡੀਗੜ੍ਹ _bਸਪਤਰਿFੀ ਪਬਲੀਕੇFਨਗ਼ ਭਾਰਤ _c2018 |
||
| 300 |
_a183ਪ੍ਰ0 _ccm. |
||
| 650 | _aਇਤਿਹਾਸ | ||
| 942 |
_hV2,4M785,N, 153Q8 _cTEXL _2cc |
||
| 999 |
_c1025282 _d1025282 |
||